| 000 | 00738nam a22001577a 4500 | ||
|---|---|---|---|
| 008 | 111124t xxu||||| |||| 00| 0 eng d | ||
| 050 |
_a HN690.5 _b.U55 1980 |
||
| 110 | _aUN Centre for Human Settlements (Habitat) | ||
| 245 |
_aDirectory 4 : _bfirms and institutins providing consultant services in the field of human settlements. _cUN Centre for Human Settlements (Habitat) |
||
| 260 |
_aNairobi : _bUnited Nations Centre for Human Settlements (Habitat), _c1980. |
||
| 300 |
_a188 p. _c19 cm. |
||
| 500 | _aMaterial type: Misc. | ||
| 650 | _ahuman settlements.consultant directory, | ||
| 942 |
_2lcc _cBK |
||
| 999 |
_c39840 _d39840 |
||